LEADER 02222nam 2200613 450 001 9910798093203321 005 20230808212938.0 010 $a1-940446-52-X 035 $a(CKB)3710000000539100 035 $a(EBL)4396395 035 $a(SSID)ssj0001592723 035 $a(PQKBManifestationID)16288578 035 $a(PQKBTitleCode)TC0001592723 035 $a(PQKBWorkID)14791351 035 $a(PQKB)10087251 035 $a(Au-PeEL)EBL4396395 035 $a(CaPaEBR)ebr11155505 035 $a(CaONFJC)MIL881226 035 $a(OCoLC)941700693 035 $a(MiAaPQ)EBC4396395 035 $a(EXLCZ)993710000000539100 100 $a20150916h20162016 uy| 0 101 0 $aeng 135 $aur|n|---||||| 181 $ctxt 182 $cc 183 $acr 200 04$aThe career handoff $ea healthcare leader's guide to knowledge & wisdom transfer across generations /$f[edited by] Kathy Malloch, Timothy Porter-O'Grady 210 1$aIndianapolis, IN :$cSigma Theta Tau International,$d[2016] 210 4$d©2016 215 $a1 online resource (273 p.) 300 $aDescription based upon print version of record. 311 $a1-940446-50-3 320 $aIncludes bibliographical references and index. 327 $aIntentional sharing of knowledge & wisdom -- Preparation for knowledge & wisdom transfer -- Essential business knowledge -- Essential business relationships -- The art and science of knowledge & wisdom transfer -- Strategies for successful knowledge & wisdom transfer -- Lifelong learning and giving -- Leaving nursing better than you found it. 606 $aNursing$xStudy and teaching 606 $aIntergenerational relations 606 $aMentoring in nursing 606 $aRetirement 615 0$aNursing$xStudy and teaching. 615 0$aIntergenerational relations. 615 0$aMentoring in nursing. 615 0$aRetirement. 676 $a362.17/3 702 $aMalloch$b Kathy 702 $aPorter-O'Grady$b Timothy 712 02$aSigma Theta Tau International, 801 0$bMiAaPQ 801 1$bMiAaPQ 801 2$bMiAaPQ 906 $aBOOK 912 $a9910798093203321 996 $aThe career handoff$93858845 997 $aUNINA LEADER 01529nam0 22003973i 450 001 RAV1315782 005 20251003044331.0 010 $a8831785052 100 $a20130827d2005 ||||0itac50 ba 101 | $aita 102 $ait 181 1$6z01$ai $bxxxe 182 1$6z01$an 183 1$6z01$anc$2RDAcarrier 200 1 $aˆLa ‰moneta$estoria di un'istituzione mancata$fLuca Fantacci 210 $aVenezia$cMarsilio$d2005 215 $a276 p.$d22 cm. 225 | $aBiblioteca 410 0$1001CFI0022513$12001 $aBiblioteca 606 $aMoneta$xStoria$2FIR$3CFIC024389$9E 676 $a322.409$9$v12 676 $a332.4$9MONETA$v14 676 $a332.49$9MONETA E POLITICA MONETARIA. STORIA, GEOGRAFIA, PERSONE$v21 696 $aUnità monetaria$aDanaro$aDenaro 699 $aMoneta$zUnità monetaria 699 $aMoneta$yDanaro 699 $aMoneta$yDenaro 700 1$aFantacci$b, Luca$3RAVV420147$4070$0326342 801 3$aIT$bIT-000000$c20130827 850 $aIT-BN0095 901 $bNAP 01$cPOZZO LIB.$nVi sono collocati fondi di economia, periodici di ingegneria e scienze, periodici di economia e statistica e altri fondi comprendenti documenti di economia pervenuti in dono. 912 $aRAV1315782 950 0$aBiblioteca Centralizzata di Ateneo$c1 v.$d 01POZZO LIB.ECON MON 1056$e 0101 0000060975E VMA 1 v. (Precedente collocazione: DASES B 1068)$fB $h20090612$i20090612 977 $a 01 996 $aMoneta$966226 997 $aUNISANNIO